Central Library OPAC University of Rajshahi

বাংলার লোক-সংস্কৃতি / (Record no. 3088)

MARC details
000 -LEADER
fixed length control field 00937nam a2200229 a 4500
001 - CONTROL NUMBER
control field 3088
003 - CONTROL NUMBER IDENTIFIER
rucl marc code BD-RjUL
005 - DATE AND TIME OF LATEST TRANSACTION
control field 20211208233655.0
008 - FIXED-LENGTH DATA ELEMENTS--GENERAL INFORMATION
fixed length control field 131218s1974 bg a b 001 0 ben d
035 ## - SYSTEM CONTROL NUMBER
System control number (BD-RjUL)3122
040 ## - CATALOGING SOURCE
Original cataloging agency BD-RjUL
Language of cataloging eng
Transcribing agency BD-RjUL
041 ## - LANGUAGE CODE
Language code of text/sound track or separate title eng
082 ## - DEWEY DECIMAL CLASSIFICATION NUMBER
Classification number 398.095492
Author mark and year AHB 1974
100 ## - MAIN ENTRY--PERSONAL NAME
Personal name আহমদ, ওয়াকিল
9 (RLIN) 117617
245 ## - TITLE STATEMENT
Title বাংলার লোক-সংস্কৃতি /
Statement of responsibility, etc. ওয়াকিল আহমদ
260 ## - PUBLICATION, DISTRIBUTION, ETC. (IMPRINT)
Place of publication, distribution, etc. ঢাকা-২ :
Name of publisher, distributor, etc. বাংলা একাডেমী,
Date of publication, distribution, etc. ১৯৭৪.
300 ## - PHYSICAL DESCRIPTION
Pagination ৫১৫, পৃ., ২০ পৃ. চিত্রাবলী
Illustrations চিত্র ;
Size ২১ সেমি.
504 ## - BIBLIOGRAPHY, ETC. NOTE
Bibliography, etc গ্রন্থপঞ্জী ও নির্ঘন্ট সংযুক্ত ।
650 ## - SUBJECT ADDED ENTRY--TOPICAL TERM
Topical term or geographic name as entry element লোক সংস্কৃতি
Geographic subdivision বাংলাদেশ
9 (RLIN) 117618
Topical term or geographic name as entry element Folklore
Geographic subdivision Bangladesh
9 (RLIN) 117619
942 ## - ADDED ENTRY ELEMENTS (KOHA)
Source of classification or shelving scheme Dewey Decimal Classification
Koha item type Books
Holdings
Lost status Source of classification or shelving scheme Damaged status Not for loan Collection code Permanent Location Current Location Shelving location Date acquired Source of acquisition Cost, normal purchase price Total Checkouts Full call number Checked out Date last seen Date checked out Copy number Koha item type
  Dewey Decimal Classification     Non-fiction Central Library, University of Rajshahi Central Library, University of Rajshahi   08/07/1983 আলীগড় লাইব্রেরী, রাজশাহী 34.50 12 B 398.095492 AHB 1974 08/06/2026 12/05/2026 12/05/2026 C-2 Books
  Dewey Decimal Classification     Non-fiction Central Library, University of Rajshahi Central Library, University of Rajshahi   29/04/1976 Bangla Academy, Dhaka 34.50 7 B 398.095492 AHB 1974   14/01/2025 24/12/2024 C-3 Books
  Dewey Decimal Classification   Not For Loan Non-fiction Central Library, University of Rajshahi Central Library, University of Rajshahi Reading Room 05/05/1976 Bangla Academy, Dhaka 34.00   B 398.095492 AHB 1974   27/12/2016   C-1 Books